A Text Book of Engineering Mathematics - II (Record no. 52935)

MARC details
000 -LEADER
fixed length control field 00347nam a2200133Ia 4500
008 - FIXED-LENGTH DATA ELEMENTS--GENERAL INFORMATION
fixed length control field 220530s9999 xx 000 0 und d
041 ## - LANGUAGE CODE
Language code of text/sound track or separate title eng
082 ## - DEWEY DECIMAL CLASSIFICATION NUMBER
Classification number 510
Item number DES
100 ## - MAIN ENTRY--PERSONAL NAME
Personal name Deshmukh D T
9 (RLIN) 58981
245 ## - TITLE STATEMENT
Title A Text Book of Engineering Mathematics - II
260 ## - PUBLICATION, DISTRIBUTION, ETC. (IMPRINT)
Place of publication, distribution, etc. Nagpur
Name of publisher, distributor, etc. Deshmukh Minu
Date of publication, distribution, etc. 2013
300 ## - PHYSICAL DESCRIPTION
Extent 968 P
Other physical details PB
906 ## - LOCAL DATA ELEMENT F, LDF (RLIN)
a 67.5
b ALIED
Holdings
Withdrawn status Lost status Damaged status Not for loan Home library Current library Date acquired Vendor Cost, normal purchase price Total Checkouts Full call number Barcode Date last seen Cost, replacement price Bill Date Koha item type Original Barcode
        Cummins College of Engineering for Women Nagpur Cummins College of Engineering for Women Nagpur 07/09/2018 Book World 375.00   510/DES/ CEWN-BB-981 30/05/2022 307.50 30/05/2022 Book Bank B00981